|
|
|
|
| LEADER |
00000nam0a2200000 4500 |
| 001 |
223048 |
| 005 |
20231101230511.0 |
| 035 |
|
|
|a (RuTPU)RU\TPU\book\243280
|
| 090 |
|
|
|a 223048
|
| 100 |
|
|
|a 20121004d1902 m y0rusy50 ca
|
| 101 |
0 |
|
|a rus
|
| 102 |
|
|
|a RU
|
| 105 |
|
|
|a a z 000zy
|
| 200 |
1 |
|
|a Прикладная механика, читанная студентам 2 курса Химического Отделения в 1901/2 академическом году
|f П. Е. Первов
|
| 210 |
|
|
|a [Томск]
|d [1902]
|
| 215 |
|
|
|a 344 с.
|c 2 л. черт.
|
| 300 |
|
|
|a Литограф. изд.
|
| 316 |
|
|
|5 63413507: 29//335
|a На форзаце и нахзаце многочисленные пометы
|
| 464 |
|
|
|t Программа по прикладной механике
|
| 606 |
1 |
|
|a Прикладная механика
|2 stltpush
|3 (RuTPU)RU\TPU\subj\51670
|9 70243
|
| 610 |
1 |
|
|a коллекция ТПУ
|
| 610 |
1 |
|
|a учебники
|
| 610 |
1 |
|
|a труды учёных ТПУ
|
| 610 |
1 |
|
|a машины
|
| 610 |
1 |
|
|a движение
|
| 610 |
1 |
|
|a КПД
|
| 610 |
1 |
|
|a коэффициент полезного действия
|
| 610 |
1 |
|
|a трение
|
| 610 |
1 |
|
|a уравнения
|
| 675 |
|
|
|a 621.01:531(075)
|v 3
|
| 700 |
|
1 |
|a Первов
|b П. Е.
|c инженер-механик
|c преподаватель ТТИ в 1901-1904
|f 1867-1905
|g Павел Ефимович
|2 stltpush
|3 (RuTPU)RU\TPU\pers\23345
|9 10125
|
| 801 |
|
1 |
|a RU
|b 63413507
|c 20121004
|
| 801 |
|
2 |
|a RU
|b 63413507
|c 20201203
|g RCR
|
| 942 |
|
|
|c BK
|